000 00728nam a2200265Ia 4500
003 OSt
005 20221007110323.0
006 a|||||r|||| 00| 0
007 ta
008 221006b |||||||| |||| 00| 0 eng d
020 _a9780521732130
024 _a20,882
037 _cTextual
040 _aLCO
_cLCO
_beng
041 _2eng
_aeng
082 _aP111:4k, P8
100 _aWalter Elizabeth Ed.
_9707374
245 0 _aCambridge Advanced Learner's Dictionary
250 _a3rd
260 _aNew
_bYork Cambridge University Press U.S.A.
_c2008
300 _a1699+104
650 _aCAMBRIDGE DICTIONARY
_9707375
942 _hP111:4k, P8
_cTEXL
999 _c1190445
_d1190445